Obras completas
Saved in:
| 主要作者: | |
|---|---|
| 格式: | 圖書 |
| 語言: | 西班牙语 |
| 出版: |
París
Garnier Hermanos
1940
|
| 版: | 1a. ed |
| 主題: | |
| 標簽: |
添加標簽
沒有標簽, 成為第一個標記此記錄!
|
MARC
| LEADER | 00000cam a2200000 a 4500 | ||
|---|---|---|---|
| 001 | UCD7561 | ||
| 003 | CL-VaPUC | ||
| 008 | 170331e19400000fr |||||||||||||||||spa|d | ||
| 082 | 0 | 4 | |a 870 |b MAR |2 21 |
| 100 | |a Marcial, Marco Valerio |e autor |9 591565 | ||
| 245 | 1 | 0 | |a Obras completas |
| 250 | |a 1a. ed | ||
| 300 | |a t | ||
| 942 | |c BK | ||
| 945 | |d 20170331 00:58:00 |a dcastane | ||
| 260 | |a París |b Garnier Hermanos |c 1940 | ||
| 650 | 7 | |a CLASICOS LATINOS |2 CL-VaPUC |9 505304 | |
| 650 | 0 | |a Literatura latina |9 258055 | |
| 650 | 0 | |a Poesía latina |9 341307 | |
| 583 | |a last modification |c 20170331 00:58:00 |k Rodrigo Vera | ||
| 999 | |c 367543 |d 367541 | ||
| 952 | |0 0 |1 0 |3 erd |4 0 |6 870_000000000000000_MAR_1940 |7 0 |8 A |9 482489 |a BIBART |b BIBART |h t.1 |i 5239672 |o 870 MAR 1940 |p 5239672 |r 2025-03-13 |w 2019-11-24 |y BK |z Catalogado en:20170331 |k ART | ||